Online
Catalog

Colombia- República Dominicana : (Record no. 58909)

MARC details
000 -CABECERA
campo de control de longitud fija 01618nam a2200385 i 4500
003 - IDENTIFICADOR DEL NÚMERO DE CONTROL
campo de control DO-SdBNP
005 - FECHA Y HORA DE LA ÚLTIMA TRANSACCIÓN
campo de control 20250501152034.0
007 - CAMPO FIJO DE DESCRIPCIÓN FÍSICA--INFORMACIÓN GENERAL
campo de control de longitud fija ta
008 - DATOS DE LONGITUD FIJA--INFORMACIÓN GENERAL
campo de control de longitud fija 250501s2017 ck aco r 000 0 spa d
020 ## - NÚMERO INTERNACIONAL ESTÁNDAR DEL LIBRO
Número Internacional Estándar del Libro 9789584817570
040 ## - FUENTE DE LA CATALOGACIÓN
Centro catalogador/agencia de origen DO-SdBNP
Lengua de catalogación spa
Centro/agencia transcriptor BNPHU
Normas de descripción rda
082 ## - NÚMERO DE LA CLASIFICACIÓN DECIMAL DEWEY
Número de clasificación 780.9861
Número de documento/Ítem C718
Número de edición 22
245 00 - MENCIÓN DE TÍTULO
Título Colombia- República Dominicana :
Resto del título puentes musicales sobre el mar Caribe /
Mención de responsabilidad, etc. compilador, Álvaro Suescún T. ; autores, José Antonio Segebre, Daniella Cura, Jaime Monsalve, Alexis Méndez, Heriberto Fiorillo y otros
250 ## - MENCIÓN DE EDICIÓN
Mención de edición Primera edición
264 #1 - PRODUCCIÓN, PUBLICACIÓN, DISTRIBUCIÓN, FABRICACIÓN Y COPYRIGHT
Producción, publicación, distribución, fabricación y copyright Barranquilla, Colombia :
Nombre del de productor, editor, distribuidor, fabricante Fundación Cultural Letra Clave,
Fecha de producción, publicación, distribución, fabricación o copyright 2017.
300 ## - DESCRIPCIÓN FÍSICA
Extensión 109 páginas ;
Otras características físicas ilustraciones, retratos, fotografías ;
Dimensiones 22 cm.
336 ## - TIPO DE CONTENIDO
Término de tipo de contenido texto
Código de tipo de contenido txt
Fuente rdacontent
337 ## - TIPO DE MEDIO
Nombre/término del tipo de medio sin mediación
Código del tipo de medio n
Fuente rdamedia
338 ## - TIPO DE SOPORTE
Nombre/término del tipo de soporte volumen
Código del tipo de soporte nc
Fuente rdacarrier
500 ## - NOTA GENERAL
Nota general Incluye datos biografícos de los autores.
590 ## - NOTA LOCAL (RLIN)
Nota local Inventariado, 2025/ YL
650 ## - PUNTO DE ACCESO ADICIONAL DE MATERIA--TÉRMINO DE MATERIA
Término de materia o nombre geográfico como elemento de entrada Música colombiana
Subdivisión general Historia y crítica
9 (RLIN) 87631
650 ## - PUNTO DE ACCESO ADICIONAL DE MATERIA--TÉRMINO DE MATERIA
Término de materia o nombre geográfico como elemento de entrada Música dominicana
Subdivisión general Historia y crítica
700 1# - PUNTO DE ACCESO ADICIONAL--NOMBRE DE PERSONA
Nombre de persona Suescún T., Álvaro,
Término indicativo de función/relación compilador
Código de función/relación comp.
9 (RLIN) 87632
700 1# - PUNTO DE ACCESO ADICIONAL--NOMBRE DE PERSONA
Nombre de persona Segebre Berardinelli, José Antonio,
Fechas asociadas al nombre 1964-
Término indicativo de función/relación autor
Código de función/relación aut.
9 (RLIN) 87633
700 1# - PUNTO DE ACCESO ADICIONAL--NOMBRE DE PERSONA
Nombre de persona Cura, Daniella
Término indicativo de función/relación autor
Código de función/relación aut.
9 (RLIN) 87634
700 1# - PUNTO DE ACCESO ADICIONAL--NOMBRE DE PERSONA
Nombre de persona Monsalve, Jaime
Término indicativo de función/relación autor
Código de función/relación aut.
9 (RLIN) 87635
700 1# - PUNTO DE ACCESO ADICIONAL--NOMBRE DE PERSONA
Nombre de persona Méndez, Alexis
Término indicativo de función/relación autor
Código de función/relación aut.
9 (RLIN) 43326
700 1# - PUNTO DE ACCESO ADICIONAL--NOMBRE DE PERSONA
Nombre de persona Fiorillo, Heriberto
Término indicativo de función/relación autor
Código de función/relación aut.
9 (RLIN) 44315
700 1# - PUNTO DE ACCESO ADICIONAL--NOMBRE DE PERSONA
Nombre de persona Mattos Omar, Joaquín
Término indicativo de función/relación autor
Código de función/relación aut.
9 (RLIN) 87636
700 1# - PUNTO DE ACCESO ADICIONAL--NOMBRE DE PERSONA
Nombre de persona Pérez, Fausto
Término indicativo de función/relación autor
Código de función/relación aut.
9 (RLIN) 87637
700 1# - PUNTO DE ACCESO ADICIONAL--NOMBRE DE PERSONA
Nombre de persona Noriega, Zoraida
Término indicativo de función/relación autor
Código de función/relación aut.
9 (RLIN) 87638
910 ## - DATOS DE OPCIÓN DEL USUARIO (OCLC)
Datos de opción del usuario YLockward
942 ## - ELEMENTOS DE PUNTO DE ACCESO ADICIONAL (KOHA)
Fuente del sistema de clasificación o colocación Dewey Decimal Classification
Tipo de ítem Koha Libro
Holdings
Estado de retiro Estado de pérdida Fuente del sistema de clasificación o colocación Restricciones de uso No para préstamo Localización permanente Ubicación/localización actual Ubicación en estantería Fecha de adquisición Fuente de adquisición Total de préstamos Signatura topográfica completa Código de barras Fecha visto por última vez Precio válido a partir de Tipo de ítem Koha Nota pública
    Dewey Decimal Classification Excluido de préstamo   Biblioteca Nacional Pedro Henríquez Ureña Biblioteca Nacional Pedro Henríquez Ureña En catalogación 01.12.2023 Donado por la Presidencia de la República Dominicana 2023   BNPHU PD 780.9861 C718 2025-3937 01.05.2025 01.05.2025 Libro Perteneció a la biblioteca personal de René Rodríguez Soriano

Powered by Koha